000
00301nam a2200109Ia 4500
008
220204s9999 xx 000 0 und d
082
_a
628.44
_b
MAN
100
_a
Mantell, C L
245
0
_a
Solid wastes: Origin, collection, processing and disposal
260
_a
New York
_b
John Wiley
_c
1975
942
_c
BK
999
_c
24574
_d
24574